| 000 | 01451cam a2200385 i 4500 | ||
|---|---|---|---|
| 001 | 17941687 | ||
| 005 | 20240228155727.0 | ||
| 008 | 131114s2014 enka b 001 0 eng | ||
| 010 | _a 2013043282 | ||
| 020 | _a9780415622424 (hardback : alk. paper) | ||
| 020 | _a9780415728935 (pbk. : alk. paper) | ||
| 020 | _z9781315849539 (ebook) | ||
| 038 | _aMalang Jan | ||
| 040 |
_aDLC _beng _cDLC _erda _dDLC |
||
| 042 | _apcc | ||
| 043 | _ad------ | ||
| 050 | 0 | 0 |
_aHD7391 _b.A44 2014 |
| 082 | 0 | 0 |
_a363.556109 _223 _bAFF |
| 245 | 0 | 0 |
_aAffordable housing in the urban global south : _bseeking sustainable solutions / _cedited by Jan Bredenoord, Paul van Lindert and Peer Smets. |
| 264 | 1 |
_aAbingdon, Oxon : _bRoutledge, _c2014. |
|
| 300 |
_axxvi, 411 pages : _billustrations ; _c24 cm |
||
| 336 |
_atext _2rdacontent |
||
| 337 |
_aunmediated _2rdamedia |
||
| 338 |
_avolume _2rdacarrier |
||
| 504 | _aIncludes bibliographical references and index. | ||
| 650 | 0 |
_aHousing _zDeveloping countries. _9121614 |
|
| 650 | 0 |
_aHousing policy _zDeveloping countries. _9121615 |
|
| 650 | 0 |
_aUrban poor _zDeveloping countries. _9121616 |
|
| 700 | 1 |
_aBredenoord, Jan. _9121617 |
|
| 700 | 1 |
_aLindert, P. van. _9121618 |
|
| 700 | 1 |
_aSmets, Peer. _9121619 |
|
| 906 |
_a7 _bcbc _corignew _d1 _eecip _f20 _gy-gencatlg |
||
| 942 |
_2ddc _cBK |
||
| 999 |
_c608450 _d608450 |
||